000 01392nam a2200217Ia 4500
999 _c47068
_d47068
001 13925
003 GE_BSU
005 20190502163809.0
008 181216s2009||||ge |||||||||||||| ||geo||
020 _a9789941401350
040 _cGE_BSU
041 _ageo
080 _a821.14'01-1 + 821.14'01-2 ა-70
245 _aანტიკური ლიტერატურის ანთოლოგია :
_bწ. 2. ელინური ხანის პროზა : ელინიზმისა და რომაული ბატონობის პერიოდის ბერძნული ლიტერატურა (ძვ.წ. IV ს.– ახ.წ. V ს.) [საბერძნეთ] /
_cშემდგ : ნანა ტონია ; ივ. ჯავახიშვილის სახ. თბილ. სახელმწ. უნ-ტი ; კლასიკური ფილოლოგიის, ბიზანტინისტიკიისა და ნეოგრეცისტიკის ინ-ტი.
264 _aთბილისი :
_bლოგოსი,
_c2009.
300 _a439 გვ.
653 _aანტიკური ლიტერატურა
653 _aელინური ხანის პროზა
700 _aტონია, ნანა
_eშემდგენელი
_9661
942 _cBK
_2udc